Bodh Gaya: past and present (Record no. 487467)

000 -LEADER
fixed length control field 00302cam a22001097a 4500
008 - FIXED-LENGTH DATA ELEMENTS--GENERAL INFORMATION
fixed length control field 180718b1953 xxu||||| |||| 00| 0 eng d
082 ## - DEWEY DECIMAL CLASSIFICATION NUMBER
Classification number A72x5413
100 ## - MAIN ENTRY--PERSONAL NAME
Personal name Lal, R.B.
245 ## - TITLE STATEMENT
Title Bodh Gaya: past and present
Statement of responsibility, etc. by R.B. Lal
260 ## - PUBLICATION, DISTRIBUTION, ETC.
Place of publication, distribution, etc. Patna
Name of publisher, distributor, etc. The Department of Public Relations
Date of publication, distribution, etc. 1953
300 ## - PHYSICAL DESCRIPTION
Extent 15p.
Holdings
Withdrawn status Lost status Damaged status Not for loan Permanent Location Current Location Date acquired Full call number Barcode Date last seen Price effective from Koha item type
        Indian Institute of Public Administration Indian Institute of Public Administration 2018-08-04 A72x5413 GG33103 2018-08-04 2018-08-04 GG

Powered by Koha